[Event "Navarra-chT"]
[Site "Navarra"]
[Date "2016.11.05"]
[Round "5.6"]
[White "Juanco Elizari, Felix Javier"]
[Black "Larrea Reta, Javier"]
[Result "1/2-1/2"]
[WhiteElo "1717"]
[BlackElo "1861"]
[PlyCount "94"]
[EventDate "2016.10.08"]
[EventType "team-tourn"]
[EventRounds "7"]
[EventCountry "ESP"]
[SourceTitle "CBM 175 Extra"]
[Source "ChessBase"]
[SourceDate "2016.12.12"]
[SourceVersion "1"]
[SourceVersionDate "2016.12.12"]
[SourceQuality "1"]
[WhiteTeam "Runa"]
[BlackTeam "Paz de Ziganda"]
[WhiteTeamCountry "ESP"]
[BlackTeamCountry "ESP"]

1. Nf3 Nf6 2. d4 e6 3. c4 d5 4. e3 b6 5. Nc3 Nbd7 6. cxd5 exd5 7. Bb5 Bb7 8. Ne5 a6 9. Bc6 Qc8 10. Qf3 Bxc6 11. Nxc6 Qb7 12. Nxd5 Qxc6 13. Nxf6+ Qxf6 14. Qxa8+ Qd8 15. Qxd8+ Kxd8 16. Bd2 f5 17. f3 Nf6 18. Kf2 Bd6 19. h3 h5 20. g3 Re8 21. a3 a5 22. b4 a4 23. b5 Nd5 24. Rhc1 Kd7 25. Rc4 Ra8 26. e4 fxe4 27. fxe4 Nf6 28. e5 Ne4+ 29. Ke3 Nxd2 30. Kxd2 Be7 31. Rac1 Bg5+ 32. Kd1 Bxc1 33. Kxc1 Rf8 34. Rc3 Rf2 35. e6+ Kxe6 36. Rxc7 Rf3 37. Rxg7 Rxa3 38. Rg6+ Kf5 39. Rxb6 Rxg3 40. Ra6 Rb3 41. b6 Ke4 42. Rxa4 Rxb6 43. d5+ Kxd5 44. Rh4 Ke6 45. Rxh5 Rb3 46. Kd2 Kf6 47. Ke2 Kg6 1/2-1/2

[Event "Pamplona Navarra Preferente op"]
[Site "Pamplona"]
[Date "2013.04.27"]
[Round "3"]
[White "Torres Isturiz, Cesar Tomas"]
[Black "Larrea Reta, Javier"]
[Result "0-1"]
[WhiteElo "1806"]
[BlackElo "1860"]
[PlyCount "86"]
[EventDate "2013.04.13"]
[EventType "swiss"]
[EventRounds "7"]
[EventCountry "ESP"]
[SourceTitle "CBM 154 Extra"]
[Source "ChessBase"]
[SourceDate "2013.06.25"]
[SourceVersion "2"]
[SourceVersionDate "2013.06.25"]
[SourceQuality "1"]

1. d4 Nf6 2. c4 e6 3. Nc3 Bb4 4. e3 c5 5. Nf3 0-0 6. Bd3 d5 7. 0-0 cxd4 8. exd4 dxc4 9. Bxc4 Qc7 10. Qb3 Bxc3 11. bxc3 Nbd7 12. Be3 Nb6 13. Bd3 Bd7 14. a4 Bxa4 15. Rxa4 Nxa4 16. Qxa4 Qxc3 17. Qb5 a6 18. Qb1 h6 19. Rc1 Qa3 20. Ne5 Nd5 21. Nc4 Qe7 22. Nb6 Nxb6 23. Qxb6 a5 24. Rb1 a4 25. Bd2 Rfc8 26. Qb5 a3 27. Bb4 Qc7 28. Bd2 Qd6 29. Be3 a2 30. Ra1 Qa3 31. g3 Qc3 32. Rxa2 Rxa2 33. Qxb7 Ra1+ 34. Kg2 Qc6+ 35. Qxc6 Rxc6 36. h4 Rd6 37. Be4 Ra4 38. g4 Rdxd4 39. Bxd4 Rxd4 40. Kf3 Kf8 41. g5 h5 42. Kf4 Ke7 43. Ke5 Rd2 0-1